| 000 | 00331nam a2200121Ia 4500 | ||
|---|---|---|---|
| 008 | 220217s9999||||xx |||||||||||||| ||und|| | ||
| 082 | _a613.287 RAM | ||
| 100 | _aRamesh, H.S | ||
| 245 | 0 | _aKudiyuva neeru | |
| 260 |
_aVisweswaraiah technology univercity _bBelgaum _c2003 |
||
| 300 |
_aVI,36p.;20cm _b6 |
||
| 650 | _aENGINEERING | ||
| 999 |
_c180758 _d180758 |
||